000 00769cam a22002534a 4500
001 14022744
005 20171214043249.0
008 050701s2006 nyua b 001 0 eng
010 _a 2005048246
020 _a0393924971
035 _a(OCoLC)ocm60856194
040 _aDLC
_cDLC
_dYDX
_dBAKER
_dDLC
041 _aeng
042 _apcc
080 _a150 GAZ
082 0 0 _a150 GAZ
_222
100 1 _a48
101 _aPSI
245 1 0 _aPsychological science /
_cMichael S. Gazzaniga, Todd F. Heatherton.
504 _aIncludes bibliographical references and indexes.
906 _a7
_bcbc
_corignew
_d1
_eocip
_f20
_gy-gencatlg
942 _2ddc
_cBK
999 _c38916
_d38916